书目信息 |
| 题名: |
Word/Excel 2010行政、文秘办公
|
|
| 作者: | ;凌弓创作室 编著 | |
| 分册: | ||
| 出版信息: | 北京 科学出版社 2016.1 |
|
| 页数: | 14,394页 | |
| 开本: | 26cm | |
| 丛书名: | ||
| 单 册: | ||
| 中图分类: | TP391.12 | |
| 科图分类: | ||
| 主题词: | 汉字处理软件系统--基本知识 , 表处理软件--基本知识 | |
| 电子资源: | ||
| ISBN: | 978-7-03-045197-2 | |
| 000 | 01229nam0 2200265 450 | |
| 001 | 0400001789 | |
| 005 | 20171019161039.0 | |
| 010 | @a978-7-03-045197-2@dCNY55.00 | |
| 100 | @a20160112e2016 em y0chiy50 ea | |
| 101 | 0 | @achi |
| 102 | @aCN@b110000 | |
| 105 | @ay z 000yy | |
| 106 | @ar | |
| 200 | 1 | @aWord/Excel 2010行政、文秘办公@9Word/Excel 2010 xing zheng、wen mi ban gong@b专著@f凌弓创作室编著 |
| 210 | @a北京@c科学出版社@d2016.1 | |
| 215 | @a14,394页@d26cm@e1光盘 | |
| 300 | @a办公高手“职”通车 | |
| 330 | @a本书包括3篇,共分25章,第1-2篇介绍Word/Excel 2010的功能和技巧,包括Word文档的基本操作,文本格式设置与编辑,Word文本编辑技巧,Word排版技巧,Excel表格数据输入技巧,Excel数据编辑与处理技巧,Excel数据透视表与图表使用技巧等。第3篇将这些基础知识和核心技能贯穿于精心挑选的公司员工奖惩制度制作,公司员工培训方案制作,会议安排流程图制作,多人协作制定售后服务规则,公司员工档案管理等10个实战案例中,确保读者系统性学习,迅速解决问题,成为办公高手。 | |
| 606 | 0 | @a汉字处理软件系统@x基本知识 |
| 606 | 0 | @a表处理软件@x基本知识 |
| 610 | 0 | @aWord@aExcel |
| 690 | @aTP391.12@v5 | |
| 711 | 02 | @a凌弓创作室@9ling gong chuang zuo shi@4编著 |
| 801 | 0 | @aCN@b91MARC@c20171019 |
| 905 | @b1025656-60@dTP391.12@f5@e1268 | |
| Word/Excel 2010行政、文秘办公/凌弓创作室编著.-北京:科学出版社,2016.1 |
| 14,394页;26cm+1光盘 |
| 办公高手“职”通车 |
| ISBN 978-7-03-045197-2:CNY55.00 |
| 本书包括3篇,共分25章,第1-2篇介绍Word/Excel 2010的功能和技巧,包括Word文档的基本操作,文本格式设置与编辑,Word文本编辑技巧,Word排版技巧,Excel表格数据输入技巧,Excel数据编辑与处理技巧,Excel数据透视表与图表使用技巧等。第3篇将这些基础知识和核心技能贯穿于精心挑选的公司员工奖惩制度制作,公司员工培训方案制作,会议安排流程图制作,多人协作制定售后服务规则,公司员工档案管理等10个实战案例中,确保读者系统性学习,迅速解决问题,成为办公高手。 |
| ● |
| 相关链接 |
|
|
|
|
正题名:Word/Excel 2010行政、文秘办公
索取号:TP391.12/1268
 
预约/预借
| 序号 | 登录号 | 条形码 | 馆藏地/架位号 | 状态 | 备注 |
| 1 | 1025656 | 210256569 | 第二样本阅览室/ [索取号:TP391.12/1268] | 在馆 | |
| 2 | 1025657 | 210256578 | 第三借阅区/ [索取号:TP391.12/1268] | 在馆 | |
| 3 | 1025658 | 210256587 | 第三借阅区/ [索取号:TP391.12/1268] | 在馆 | |
| 4 | 1025659 | 210256596 | 第三借阅区/ [索取号:TP391.12/1268] | 在馆 | |
| 5 | 1025660 | 210256603 | 密集书库—计算机科学学院/ [索取号:TP391.12/1268] | 在馆 |